| 000 | 01453cam a2200169 4500500 | ||
|---|---|---|---|
| 005 | 20251228060117.0 | ||
| 041 | _afre | ||
| 042 | _adc | ||
| 100 | 1 | 0 |
_aLemaire, Jean-Jacques _eauthor |
| 245 | 0 | 0 | _aLe malaise adolescent dans la culture, Ouvrage collectif, Paris, puf, coll. « Campagne Première », 2005, 19 €, 239 p. |
| 260 | _c2005. | ||
| 500 | _a74 | ||
| 520 | _aRésumé La question de savoir « dans quel cas il faut consulter », pour l’éducateur pjj, ne peut pas résulter uniquement du cadre judiciaire ou d’un type d’infraction. Aussi impérieuse que puisse être la décision d’un magistrat ou d’un tribunal, cette question reste posée au lieu de ce qui fait sens pour le sujet ; ce que l’éducateur ne peut pas examiner sans le psy. | ||
| 520 | _aFor a social worker in the Juvenile Justice System, the answer to the question “in what case a psychological consultation is necessary” cannot only be found within the judicial framework or the offence category. Even if a court has ordered a compulsory psychological treatment, what is meaningful for the young offender as a person, is an equally important question that cannot be examined by the social worker alone without the help of a professional psychologist. | ||
| 786 | 0 | _nEnfances & Psy | 30 | 1 | 2005-12-01 | p. 181b-186b | 1286-5559 | |
| 856 | 4 | 1 | _uhttps://shs.cairn.info/revue-enfances-et-psy-2006-1-page-181b?lang=fr&redirect-ssocas=7080 |
| 999 |
_c1587004 _d1587004 |
||